000 00283nam a22001337a 4500
008 180226b xxu||||| |||| 00| 0 eng d
020 _a0382026098
041 _aeng
080 _a37
100 _a25
101 _aEDU
245 _aImproving behavior
_cKostiuk,N
942 _2udc
_cBK
999 _c43462
_d43462